000 00629nam a2200229Ia 4500
003 OSt
005 20220926000017.0
006 a|||||r|||| 00| 0
007 ta
008 220923b |||||||| |||| 00| 0 eng d
037 _cGeneral Book
040 _aRTL
_cRTL
_beng
041 _2eng
_aeng
082 _aZ2n2,N67, K7
110 _aINDIA, LAW (Ministry of-)
_9129803
245 0 _aActs of parliament,1967.
260 _a New Delhi
_bGovt of India
_c1967
300 _avi,247p.
_ccm.
700 _aINDIA, LAW (Ministry of-)
_9129804
942 _hZ2n2,N67, K7
_cGB
_2CC
999 _c598315
_d598315